Responses for show #8414 - Thursday, June 3, 2021

Champion's winnings & consolation amounts matched to National Alliance on Mental Illness.

Contestants

[<< previous game]

Julia Markham Cameron, an attorney from Brooklyn, New York

Grace Jeffrey, a global health and environmental science graduate from Virginia Beach, Virginia

John Alba Cutler, an English professor from Wilmette, Illinois (whose 1-day cash winnings total $19,700)

[next game >>]

Jeopardy! Round responses

FATHERS OF INVENTION
8-LETTER WORDS
LICENSE TO WHATEVER
"E" SPORTS
BARNS
NOBLE
    $200 7
Velcro

Grace
    $200 1
currency

Julia
    $200 14
fishing

John
    $200 6
elephant

Triple Stumper
    $200 21
Thoroughbreds

John
    $200 11
sir

Julia
    $400 8
a metal detector

Julia
    $400 2
bookworm

Grace
    $400 15
provisional

Grace
    $400 19
(John: What is [*] SportsCenter?)
(Mayim: [*], yes.)

ESPN

John
    $400 22
monogamous

Julia
    $400 12
(Julia: What is count?)
(John: What is baron?)

earl

JohnJulia
Triple Stumper
    $600 9
the lawn mower

Julia
    $400 3
a cauldron

Grace
    $600 16
alcohol

Julia
    $600 20
extra innings

Julia
    $600 23
tobacco

Grace
    $600 13
life peers

Triple Stumper
    $800 10
hovercrafts

Triple Stumper
    $800 4
dispatch

Julia
    $800 17
rabies

Grace
    $800 25
John Elway

John
    $800 24
threshing

John
    $800 28
Queensberry

Triple Stumper
    $1000 27
(Julia: What is the Sousa?)
(Grace: Who is Saxon?)

Sax

GraceJulia
Triple Stumper
    $1000 5
(John: What is mahi-mahi?)

albacore

JohnJulia
    $1000 18
ham radio

John
    $1000 26
equestrian

Julia
    $1000 29
hex signs

Julia
    $1000 30
the Hundred Years' War

John

Scores at the first commercial break (after clue 15):

John Grace Julia
-$1,200 $1,400 $2,800

Scores at the end of the Jeopardy! Round:

John Grace Julia
$3,000 $1,800 $5,400

Double Jeopardy! Round responses

AMERICAN MONUMENTS AROUND THE WORLD
20th CENTURY BOOKS & AUTHORS
NEXT IN LINE
NOBEL PRIZE ODDITIES
PLAYING PRESIDENT
STARTS & ENDS WITH "H"
    $400 20
D-Day

John
    $400 16
(Grace: Who is Harper Lee?)

To Kill a Mockingbird

GraceJulia
    $400 11
Pennsylvania Avenue

John
    $400 10
economics

Julia
    $400 9
Morgan Freeman

Julia
    $400 4
horseradish

Julia
    $800 21
Casablanca

John
    $800 17
(Elie) Wiesel

Julia
    $800 25
(Grace: What is tau?)
...
(Mayim: The Greek alphabet.)

sigma

Grace
Triple Stumper
    $800 12
(Julia: [Laughs] Hey.)

the Big Bang

Julia
    $800 5
Harrison Ford

John
    $800 1
hallelujah

Grace
    $1200 23
Gibraltar

Triple Stumper
    $1200 18
(Albert) Camus

Julia
    $1200 27
(John: What is Nakano?)
...
(Mayim: Those are Winter Olympic host cities.)

Sochi

JohnGrace
    $1200 13
Goebbels

John
    $1200 6
24

Julia
    $1200 2
a hyacinth

Grace
    $1600 24
(Mayim: We have less than a minute.)

Flanders

Julia
    $2,000 19
(Julia: Oh, golly--what is The Age of Innocence?)

A Room with a View

Julia
    $1600 28
(Mayim: Those are chemical elements.)
[The end-of-round signal sounds.]

zinc

Triple Stumper
    $1600 14
(frontal) lobotomy

John
    $1600 7
Battlestar Galactica

Julia
    $1600 3
(Mayim: I knew that one.)

Hadassah

Triple Stumper
    $2000 26
Kosovo

Julia
    $2000 22
Being There

Triple Stumper
    $2,000 15
(John: Who was...)

(Mahatma) Gandhi

John
    $2000 8
Idiocracy

Julia

Scores at the end of the Double Jeopardy! Round:

John Grace Julia
$5,000 $3,800 $16,200
(lock game)

[wagering suggestions for these scores]

Final Jeopardy! Round responses

17th CENTURY FRENCHMEN
(Mayim: [To Grace] He was the minister to King Louis XIII; he ended up being hated by both nobility and peasantry alike.)
GraceWho is Cardinal Richilieu?
$1,900
JohnWho was Richilieu?
$4,999
JuliaWho is Cardinal Richilieu?
$250
(Cardinal) Richelieu

Final scores:

John Grace Julia
$9,999 $5,700 $16,450
2nd place: $2,000 3rd place: $1,000 New champion: $16,450

Game dynamics:

Coryat scores:

John Grace Julia
$7,000 $4,000 $18,200
13 R,
4 W
(including 1 DD)
9 R
(including 1 DD),
3 W
23 R,
3 W
(including 1 DD)

Combined Coryat: $29,200

The J! Archive is created by fans, for fans. The Jeopardy! game show and all elements thereof, including but not limited to copyright and trademark thereto, are the property of Jeopardy Productions, Inc. and are protected under law. This website is not affiliated with, sponsored by, or operated by Jeopardy Productions, Inc. Join the discussion at JBoard.tv.